01455nam a2200325 a 4500001001000000003000500010005001700015008004100032010001100073011001100084040000900095090001000104100003600114245022400150260004100374500006000415502006900475590004000544590004000584650003600624650003900660650005200699856007000751901000700821942001000828942000600838999001900844952013100863952013500994000113223CHAP20220329144344.0170518s2016 mx a fsm |||||||spa d a109684 a110656 cCHAP aTesis1 aPérez Cortés, Fredy913227610aEvaluación nutricional, fitosanitaria y metabólica de Cupressus guadalupensis S. Wats. del huerto semillero mediante sensores bioelectromagnéticos en Chapingo, México /h[En línea]cpor Fredy Pérez Cortés. aChapingo, Méx. :bEl autor,c2016. aPara ver el contenido del material haga clic en la liga aTesis (Ing. Forestal) -- UACH. División de Ciencias Forestales aE8697GMMb05c20170518lUCH01h1412 aE8697GMMb05c20170518lUCH01h145414aBosquesxRegeneración.91437714aCupressusxConservación.913229014aCupressusxFisiología y morfología.9132291 aFinding aiduhttp://10.13.5.2/tesis/sist113223.pdfzTeclea aquí aBK cTESIS n0 c109684d109684 00104054718TESISaBCbBCd2017-05-18fTESISl0oTesisp113225-10r2019-12-31 00:00:00w2019-12-31yTESISzRecien adquirido 00102local4053708TESISaBCbBCcPA_TESISd2017-05-18fTESISl0oTesisp113225-20r2019-12-31 00:00:00tc.2w2019-12-31yTESIS